[Event "Dutch Open"]
[Site "Dieren NED"]
[Date "2006.08.03"]
[Round "9"]
[White "Van den Dikkenberg,E"]
[Black "Valenti,G"]
[Result "0-1"]
[WhiteElo "2144"]
[BlackElo "2273"]

1.e4 c5 2.Nf3 e6 3.d4 cxd4 4.Nxd4 a6 5.Nc3 Qc7 6.Bd3 Nf6 7.O-O Be7 8.Kh1 Nc6
9.Be3 d6 10.f4 O-O 11.Qf3 Nb4 12.Rac1 Nxd3 13.cxd3 Qd8 14.g4 Nd7 15.g5 Re8
16.Rc2 Bf8 17.Qf2 g6 18.Nb3 b5 19.Rfc1 Bb7 20.Kg1 Rc8 21.Nd1 Nc5 22.Nxc5 dxc5
23.Qe2 c4 24.dxc4 Bxe4 25.Rd2 Qc7 26.Nf2 Ba8 27.c5 Qc6 28.Qg4 Red8 29.Rdc2 Bg7
30.Qg3 Bd4 31.Bxd4 Rxd4 32.Ng4 Rcd8 33.Re1 Rd3 34.Re3 Qh1+ 35.Kf2 Rd1 36.Qh3 Qg1+  0-1

[Event "15th Open A"]
[Site "Vienna AUT"]
[Date "2006.08.03"]
[Round "6"]
[White "Lujan,C"]
[Black "Vonthron,H"]
[Result "1-0"]
[WhiteElo "2380"]
[BlackElo "2310"]

1.e4 c5 2.Nf3 e6 3.d4 cxd4 4.Nxd4 a6 5.Nc3 b5 6.Bd3 Bb7 7.O-O Bc5 8.Nb3 Be7
9.Re1 d6 10.a4 b4 11.Na2 Nf6 12.Bd2 a5 13.c3 bxc3 14.Nxc3 O-O 15.Rc1 Nc6
16.Nb5 Ne5 17.Bb1 d5 18.Nxa5 Rxa5 19.Bxa5 Qxa5 20.exd5 Ned7 21.dxe6 fxe6
22.Rxe6 Bc5 23.Rxf6 Rxf6 24.Qxd7 Bxf2+ 25.Kh1 Bxg2+ 26.Kxg2 Qa8+ 27.Rc6 Rxc6
28.Qd5+ Kh8 29.Be4 Rg6+ 30.Kxf2 Qf8+ 31.Ke3 Ra6 32.b3 Qc8 33.Kd3 Qf8 34.Qf5 Qd8+
35.Ke2 Rh6 36.Nd6 Rxh2+ 37.Kf3 Qb8 38.Nf7+ Kg8 39.Bd5  1-0

[Event "17th Jozef Kochan Mem"]
[Site "Koszalin POL"]
[Date "2006.08.04"]
[Round "1"]
[White "Dukaczewski,P"]
[Black "Walczak,Pr"]
[Result "1/2-1/2"]
[WhiteElo "2344"]
[BlackElo "2149"]

1.e4 c5 2.Nf3 e6 3.d4 cxd4 4.Nxd4 a6 5.Nc3 Qc7 6.Be2 b5 7.O-O Bb7 8.Bd3 Nf6
9.Qe2 d6 10.Bd2 Nbd7 11.Kh1 Be7 12.f4 O-O 13.Rae1 Nc5 14.e5 Nd5 15.Ne4 Nxd3
16.Qxd3 dxe5 17.fxe5 Qc4 18.Qxc4 bxc4 19.Bg5 Bxg5 20.Nxg5 c3 21.Ne4 cxb2
22.c4 Nb4 23.Nd6 Rab8 24.Re2 Nd3 25.Rb1 Ba8 26.Kg1 Rfd8 27.Nb3 Nxe5 28.c5 f6
29.Rbxb2 Bd5 30.Re3 Rxd6 31.cxd6 Nc4 32.Ree2 Nxb2 33.Rxb2 Rd8 34.Nc5 Rxd6
35.a4 Rc6 36.Nd3 Rc4 37.Nb4 Bc6 38.Nxa6 Bxa4 39.Nb4 Rd4 40.Kf2 e5 41.Ke3 Kf7
42.Nd3 g5 43.Rb7+ Rd7 44.Rb6 h5 45.Nc5 Ra7 46.Ne4 Bd7 47.Nxf6 Be6 48.Nxh5 Ra2
49.Ke4 Rxg2 50.Kxe5 Rxh2 51.Ng3 Bg4 52.Rb7+ Kg6  1/2-1/2

[Event "15th Open A"]
[Site "Vienna AUT"]
[Date "2006.08.04"]
[Round "7"]
[White "Wittmann,W"]
[Black "Knecht,G"]
[Result "1-0"]
[WhiteElo "2361"]
[BlackElo "2065"]

1.e4 c5 2.Nf3 e6 3.d4 cxd4 4.Nxd4 a6 5.Nc3 Qc7 6.Bd3 Nf6 7.O-O Bc5 8.Nb3 Ba7
9.Qf3 Nc6 10.Bf4 d6 11.Be3 O-O 12.Bxa7 Rxa7 13.Qe3 Ra8 14.f4 b5 15.Kh1 b4
16.Ne2 e5 17.Ng3 Ng4 18.Qd2 Qe7 19.h3 Qh4 20.Nf5 Bxf5 21.exf5 Nf6 22.Qe1 Qxe1
23.Rfxe1 exf4 24.Rad1 d5 25.Kg1 Rfe8 26.Rxe8+ Nxe8 27.Rf1 Ne5 28.Rxf4 Nxd3
29.cxd3 a5 30.Kf2 Nc7 31.Nd4 Kf8 32.Ke3 Ke7 33.Rf1 Kd6 34.Rc1 Ra6 35.g4 h6
36.Kf4 f6 37.Ke3 Rb6 38.Kd2 Rb7 39.Rc6+ Kd7 40.Rc5 a4 41.Ra5 a3 42.bxa3 bxa3
43.Nb3 Rb4 44.Rxa3 Rf4 45.Ke2 h5 46.Ra4 Rxa4 47.Nc5+ Kc6 48.Nxa4 Kb5 49.Nc3+ Kb4
50.Kd2 hxg4 51.hxg4 Kc5 52.Ne2 d4 53.Nf4 Kd6 54.Ke2 Nb5 55.Kf3 Ke5 56.a4 Nc7
57.a5 Na6 58.Nh5 Nc5 59.Nxg7 Kd6 60.Ke2 Kc6 61.Ne6  1-0

[Event "17th Jozef Kochan Mem"]
[Site "Koszalin POL"]
[Date "2006.08.05"]
[Round "2"]
[White "Lange,D"]
[Black "Gunajew,R"]
[Result "0-1"]
[WhiteElo "1957"]
[BlackElo "2266"]

1.e4 c5 2.Nf3 e6 3.d4 cxd4 4.Nxd4 a6 5.Nc3 Qb6 6.Nb3 d6 7.Be3 Qc7 8.Bd3 Nf6
9.a4 Nbd7 10.f4 Be7 11.O-O O-O 12.Kh1 b6 13.Qf3 Bb7 14.Qh3 e5 15.Nd5 Bxd5
16.exd5 e4 17.Be2 Nxd5 18.c4 Nxe3 19.Qxe3 f5 20.Nd4 Qb7 21.b4 a5 22.bxa5 Rxa5
23.Ne6 Rf6 24.Ng5 h6 25.h4 Nc5 26.Rfd1 Rf8 27.Rd5 hxg5 28.hxg5 g6 29.Qh3 Rf7
30.Kg1 Rh7 31.Qe3 Bf8 32.g4 Qg7 33.Rb1 Qh8 34.Bf3 Rh3 35.gxf5 Rg3+  0-1

[Event "San Agustin Open"]
[Site "Aviles ESP"]
[Date "2006.08.06"]
[Round "2"]
[White "Garcia Perez,A"]
[Black "Malygin,A"]
[Result "0-1"]
[WhiteElo "1853"]
[BlackElo "2114"]

1.e4 c5 2.Nf3 e6 3.d4 cxd4 4.Nxd4 a6 5.Nc3 Qc7 6.Be2 Nf6 7.a3 b5 8.O-O Bb7
9.Bd3 Be7 10.Kh1 O-O 11.f4 d6 12.Qe1 Nbd7 13.Nb3 Rfd8 14.f5 e5 15.Bg5 Nc5
16.Rd1 Rac8 17.Rf3 Nxb3 18.cxb3 d5 19.exd5 Nxd5 20.f6 Nxf6 21.Bxf6 Bxf6 22.Rxf6 gxf6
23.Qh4 Qc6 24.Qg4+ Kf8 25.Be4 Rxd1+ 26.Qxd1 Qc7 27.Bxb7 Qxb7 28.Qd6+ Kg7
29.h4 Qc6 30.Qd1 Qe6 31.Qf3 Rd8 32.h5 Kf8 33.Qe3 Ke7 34.Ne4 Rd4 35.Qf3 Qc6  0-1

[Event "Open"]
[Site "Olomouc CZE"]
[Date "2006.08.07"]
[Round "6"]
[White "Van der Laan,D"]
[Black "Hasangatin,R"]
[Result "0-1"]
[WhiteElo "2268"]
[BlackElo "2491"]

1.e4 c5 2.Nf3 e6 3.d4 cxd4 4.Nxd4 a6 5.Nc3 Qc7 6.Bd3 Nc6 7.Be3 Nf6 8.O-O Nxd4
9.Bxd4 Bc5 10.Bxc5 Qxc5 11.Qe1 d6 12.Kh1 e5 13.Nd1 Be6 14.Qe3 Rc8 15.c3 O-O
16.Bc2 Rfd8 17.f3 Qc7 18.Re1 b5 19.Bb3 Bc4 20.Qf2 d5 21.exd5 Nxd5 22.g3 Nf6
23.Ne3 Bd3 24.Bc2 e4 25.Rad1 Bxc2 26.Nxc2 Rxd1 27.Rxd1 Qc4 28.fxe4 Qxe4+
29.Qg2 Qc4 30.a3 Qb3 31.Qd2 h6 32.Nd4 Qd5+ 33.Qg2 Ne4 34.Kg1 Re8 35.Qf3 Qa2
36.Qg2 Nf6 37.Rf1 Qc4 38.Qf3 Qd5 39.Qxd5 Nxd5 40.Rf5 Ne3 41.Rf2 Nc4 42.Kf1 Re3
43.Nc2 Rd3 44.Nb4 Rd1+ 45.Kg2 Rd6 46.b3 Nxa3 47.Ra2 Nb1 48.c4 bxc4 49.bxc4 Rd2+
50.Rxd2 Nxd2 51.c5 a5 52.c6 Nc4 53.c7 Nb6 54.Nd5 Nc8 55.Kf3 Kf8 56.Ke4 Ke8
57.Kd4 Kd7 58.Kc5 a4 59.Kb4 Kd6 60.Ne3 g6 61.Kxa4 Kxc7 62.Kb5 Kd6 63.Kc4  0-1

[Event "17th Jozef Kochan Mem"]
[Site "Koszalin POL"]
[Date "2006.08.08"]
[Round "5"]
[White "Lange,D"]
[Black "Walczak,Pr"]
[Result "1-0"]
[WhiteElo "1957"]
[BlackElo "2149"]

1.e4 c5 2.Nf3 e6 3.d4 cxd4 4.Nxd4 a6 5.Nc3 Qc7 6.Be3 b5 7.Bd3 Bb7 8.O-O Nf6
9.f3 Be7 10.Qd2 O-O 11.a3 d6 12.Rae1 Nbd7 13.Bg5 Rfe8 14.Kh1 Rad8 15.Nd1 d5
16.exd5 Bxd5 17.c3 Bd6 18.Bxb5 Bxh2 19.Bxf6 gxf6 20.Bxd7 Rxd7 21.Qh6 Bg3
22.Nf5  1-0

[Event "17th Jozef Kochan Mem"]
[Site "Koszalin POL"]
[Date "2006.08.08"]
[Round "5"]
[White "Zuk,A"]
[Black "Jozwicki,J"]
[Result "0-1"]
[WhiteElo "2072"]
[BlackElo "2207"]

1.e4 c5 2.Nf3 e6 3.d4 cxd4 4.Nxd4 a6 5.Nc3 b5 6.Bd3 Qb6 7.Nb3 Qc7 8.O-O Bb7
9.f4 b4 10.Nb1 d6 11.Be3 Nf6 12.N1d2 Be7 13.Qe2 Nbd7 14.Rae1 O-O 15.Kh1 e5
16.Bg1 Rfe8 17.g4 d5 18.fxe5 Nxe5 19.g5 dxe4 20.Nxe4 Nxd3 21.cxd3 Nxe4 22.dxe4 Bxg5
23.Nc5 Re5 24.Nxb7 Qxb7 25.Bd4 Re6 26.Rf5 Bh6 27.Qg2 Rae8 28.e5 Qxg2+ 29.Kxg2 g6
30.Rf3 Rd8 31.Bf2 Rd2 32.Rb3 Bf8 33.Kf3 a5 34.Ke3 Rc2 35.Bg3 a4 36.Rd3 Bh6+
37.Kf3 Rxb2 38.Rd8+ Kg7 39.Re4 Bg5 40.Rb8 Be7 41.Rc4 Rxa2 42.Rc7 Ra3+ 43.Ke4 Bd6
44.Rxf7+ Kxf7 45.Rb7+ Be7 46.Bh4 Rh3  0-1

[Event "FSIMB August"]
[Site "Budapest HUN"]
[Date "2006.08.12"]
[Round "8"]
[White "Mihok,O"]
[Black "Farago,S"]
[Result "0-1"]
[WhiteElo "2223"]
[BlackElo "2275"]

1.e4 c5 2.Nf3 e6 3.d4 cxd4 4.Nxd4 a6 5.Nc3 b5 6.Bd3 Bb7 7.O-O Bc5 8.Nb3 Bb6
9.Qe2 Ne7 10.Be3 Nbc6 11.Kh1 d6 12.f4 b4 13.Nd1 Bc7 14.Rf3 a5 15.a4 O-O 16.Rh3 g6
17.Nf2 f5 18.exf5 Nxf5 19.Bd2 Qd7 20.Ne4 Rae8 21.Ng5 Re7 22.Bb5 Bb6 23.c3 e5
24.fxe5 Rxe5 25.Qc4+ d5 26.Qg4 h5 27.Qd1 Qe7 28.Nf3 Re4 29.Bg5 Qd6 30.Bd3 Rg4
31.Qd2 bxc3 32.bxc3 d4 33.Re1 dxc3 34.Qxc3 Ncd4 35.Nbxd4 Nxd4 36.Bc4+ Kh8
37.Be7 Rxf3 38.gxf3 Qc6 39.Rg3 Kh7 40.Rxg4 hxg4 41.Re4 Nxf3 42.Bg8+ Kxg8
43.Qb3+ Qd5 44.Qxb6 Qxe4 45.Qd8+ Kh7  0-1

[Event "17th Jozef Kochan Mem"]
[Site "Koszalin POL"]
[Date "2006.08.12"]
[Round "9"]
[White "Quinn,R"]
[Black "Grycel,K"]
[Result "1/2-1/2"]
[WhiteElo "1979"]
[BlackElo "2317"]

1.e4 c5 2.Nf3 e6 3.Nc3 a6 4.d4 cxd4 5.Nxd4 b5 6.g3 b4 7.Na4 Bb7 8.Bg2 Nf6
9.O-O Qc7 10.Re1 Be7 11.e5 Nd5 12.Qg4 g6 13.Bh6 Nc6 14.Nf3 f5 15.exf6 Nxf6  1/2-1/2

[Event "Independence Cup A"]
[Site "Kyiv UKR"]
[Date "2006.08.13"]
[Round "1"]
[White "Palkovich,D"]
[Black "Perun,S"]
[Result "0-1"]
[WhiteElo "2212"]
[BlackElo "2355"]

1.e4 c5 2.Nf3 e6 3.d4 cxd4 4.Nxd4 a6 5.Nc3 b5 6.g3 Bb7 7.Bg2 Nf6 8.Qd3 d6
9.a3 Nbd7 10.O-O Be7 11.Nb3 O-O 12.Bf4 Qc7 13.Rad1 Ne5 14.Bxe5 dxe5 15.Qe2 Bxa3
16.bxa3 Qxc3 17.Rd3 Qc7 18.g4 g6 19.Rfd1 Rfd8 20.Bf3 h6 21.Qe3 Kg7 22.Qc5 Rdc8
23.Qe3 g5 24.R1d2 Kg6 25.h3 a5 26.Bg2 Qc4 27.f3 a4 28.Nc1 b4 29.Qb6 Ba6 30.axb4 Rc6
31.Qa5 Bb7 32.Qxe5 Qxb4 33.Bf1 a3 34.Nb3 a2 35.Qa1 Ba6 36.Qxa2 Qb7 37.e5 Nd5
38.Rxd5 exd5 39.Qb2 Bxf1 40.Kxf1 Rc4 41.e6 Qa6 42.Kg2 Qxe6 43.Nd4 Qe3 44.Qb6+ f6
45.Rd3 Rxc2+  0-1

[Event "Open"]
[Site "Stare Mesto CZE"]
[Date "2006.08.14"]
[Round "5"]
[White "Pacher,M"]
[Black "Zpevak,P"]
[Result "0-1"]
[WhiteElo "2227"]
[BlackElo "2377"]

1.e4 c5 2.Nf3 e6 3.d4 cxd4 4.Nxd4 a6 5.Nc3 Qc7 6.Bd3 Nc6 7.Nxc6 dxc6 8.O-O e5
9.f4 Nf6 10.Qf3 Bc5+ 11.Kh1 Ng4 12.f5 h5 13.Qg3 Bd7 14.Be2 O-O-O 15.Bxg4 hxg4
16.Qxg4 g6 17.Qe2 Bd4 18.Qc4 gxf5 19.exf5 Rh7 20.Ne4 c5 21.Qe2 Bb5 22.c4 Bc6
23.Bg5 Rdh8 24.h3 Rg8 25.Bf6 Rh6 26.Bg5 Rh7 27.Bf6 Rh6 28.Bg5 Bxe4 29.Bxh6 Qc6
30.Rg1 Bxg1 31.Rxg1 Bxf5 32.Qxe5 Bxh3 33.Bf4 Rxg2 34.Qd5 Qxd5 35.cxd5 Rxg1+
36.Kxg1 Bf5 37.Kf2 Bb1 38.a3 Ba2 39.d6 Kd7 40.Ke3 Be6 41.Ke4 Kc6 42.Ke5 b5
43.Kf6 Kd7 44.Ke5 b4 45.axb4 cxb4 46.Kd4 Kc6 47.Ke5 a5 48.Kf6 Kd7 49.Ke5 Kc6
50.Kf6 a4 51.Ke7 Kd5 52.d7 Bxd7 53.Kxf7 b3 54.Bc1 Kc4 55.Ke7 Kd3 56.Bg5 Kc4
57.Bc1 Bf5 58.Bf4 Be6 59.Bh6 Kd5 60.Bd2 Kc6 61.Bf4  0-1

[Event "Independence Cup A"]
[Site "Kyiv UKR"]
[Date "2006.08.16"]
[Round "4"]
[White "Kruglyakov,P"]
[Black "Chernozem,S"]
[Result "1/2-1/2"]
[WhiteElo "2281"]
[BlackElo "2080"]

1.e4 c5 2.Nf3 e6 3.d4 cxd4 4.Nxd4 a6 5.Nc3 Qc7 6.Be2 Nf6 7.O-O Bb4 8.Be3 Bxc3
9.bxc3 d6 10.Bd3 Nbd7 11.f4 Nc5 12.Qf3 e5 13.fxe5 dxe5 14.Nf5 Bxf5 15.Qxf5 O-O
16.g4 Nxd3 17.cxd3 Rad8 18.Bg5 Rxd3 19.Bxf6 Qb6+ 20.Kh1 Qxf6  1/2-1/2

[Event "Jch-EST"]
[Site "Narva Joesuu EST"]
[Date "2006.08.16"]
[Round "3"]
[White "Kunitson,N"]
[Black "Ezov,R"]
[Result "1/2-1/2"]
[WhiteElo "2074"]
[BlackElo "2144"]

1.e4 c5 2.Nf3 e6 3.d4 cxd4 4.Nxd4 a6 5.Nc3 b5 6.Bd3 Qb6 7.Nf3 Bb7 8.O-O Nc6
9.Re1 d6 10.Bf4 Nf6 11.a4 b4 12.Nb1 Ng4 13.Qe2 Nge5 14.Nbd2 Be7 15.Rad1 O-O
16.Nc4 Qc7 17.Bg3 Rfd8 18.h3 Bf6 19.Rd2 Nxc4 20.Bxc4 Na5 21.Ba2 Qc6 22.Rxd6 Qxa4
23.Rxd8+ Rxd8 24.e5 Be7 25.Bb1 Qc6 26.c3 bxc3 27.Rc1 Rd2 28.Qe3 Rxb2 29.Qd3 g6
30.Kh2 c2 31.Rxc2 Rxc2 32.Bxc2 Qb5 33.Qd2 Qd5 34.Qh6 Bf8 35.Qf4 Bc6 36.Bh4 Qc4
37.Qxc4 Nxc4 38.Nd4 Bd5 39.f4 Ne3 40.Bd3 Bc5 41.Ne2 Nxg2 42.Bd8 Bb7 43.Kg3 Ne3
44.Nc3 Nf5+ 45.Bxf5 exf5 46.Ba5 Kf8 47.Na4 Bd4 48.Bb4+ Ke8 49.Nc5 Bxc5 50.Bxc5 Kd7
51.Kf2 Ke6 52.Ke3 Kd5 53.Bf8 Kc4 54.Kd2 Kb3 55.Kc1 Be4 56.h4 a5 57.e6 fxe6
58.Bg7 a4 59.Bf6 a3 60.Bg7 a2 61.Bf6 h6 62.Bg7 g5 63.fxg5 hxg5 64.hxg5 f4
65.Kd2 Kc4 66.Ke2 Kd5 67.Bb2 e5 68.Kf2 Ke6 69.Ke2 Kf5 70.Kf2 Kxg5 71.Bxe5  1/2-1/2

[Event "Jch-EST"]
[Site "Narva Joesuu EST"]
[Date "2006.08.18"]
[Round "6"]
[White "Onischuk,V"]
[Black "Soskov,V"]
[Result "1-0"]
[WhiteElo "2411"]
[BlackElo "2251"]

1.e4 c5 2.Nf3 e6 3.Nc3 a6 4.d4 cxd4 5.Nxd4 Qc7 6.g3 Nf6 7.Bg2 Nc6 8.O-O Bc5
9.Nb3 Ba7 10.Bf4 Ne5 11.Qe2 O-O 12.a4 d6 13.Rad1 Bd7 14.Kh1 Rfd8 15.Bc1 Qc4
16.Qxc4 Nxc4 17.Nd2 Nxd2 18.Rxd2 Bc6 19.Rfd1 Kf8 20.b3 Bc5 21.e5 Nd5 22.Ne4 Bb4
23.Rd3 b5 24.c3 Ba5 25.axb5 axb5 26.exd6 h6 27.h3 Rac8 28.Ba3 b4 29.cxb4 Bxb4
30.Bxb4 Nxb4 31.Rd4 Nd5 32.Rc1 Ke8 33.Kh2 Kd7 34.Rdc4 Re8 35.g4 f5 36.gxf5 exf5
37.Rxc6 Rxc6 38.Rxc6 Kxc6 39.Nc3 Kxd6 40.Bxd5 g5 41.Bc4 Kc5 42.Kg3 Re1 43.Nd5 Rg1+
44.Kh2 Rd1 45.Ne3 Rd2 46.Kg2 f4 47.Nf5 h5 48.Ng7 g4 49.hxg4 hxg4 50.Ne6+ Kd6
51.Nxf4 Ke5 52.Nh5 Rb2 53.Kg3 Kf5 54.Nf4 Rd2 55.Ng2 Kg5 56.Ne3 Rd4 57.Be2 Rf4
58.Bxg4 Rb4 59.Be6 Rf4 60.Bc4 Rd4 61.b4 Rf4 62.b5 Rd4 63.b6 Rd2 64.b7 Rb2
65.Bd5 Rb4 66.f4+ Kf6 67.Kf3 Ke7 68.Nc4 Kf6 69.Ne5 Kf5 70.Be4+ Ke6 71.Nc6 Rxb7
72.Nd8+  1-0

[Event "Open"]
[Site "Stare Mesto CZE"]
[Date "2006.08.18"]
[Round "9"]
[White "Jasny,S"]
[Black "Zpevak,P"]
[Result "1/2-1/2"]
[WhiteElo "2325"]
[BlackElo "2377"]

1.e4 c5 2.Nf3 e6 3.d4 cxd4 4.Nxd4 a6 5.Nc3 Qc7 6.Bd3 Nf6 7.O-O Nc6 8.Nxc6 dxc6
9.Kh1 e5 10.f4 Bc5 11.f5 h5 12.Qe2 Ng4 13.Bg5 Bd7 14.h3 Nf6 15.Bh4 Rd8 16.Nd1 Bc8
17.Ne3 Be7 18.Qf3 b5 19.a4 Bb7 20.axb5 axb5 21.Rfd1 Qb6 22.c3 O-O 23.Bc2 Rxd1+
24.Rxd1 Rd8 25.Rxd8+ Bxd8 26.Bb3 c5 27.Bxf6 Qxf6 28.Bd5 Bxd5 29.Nxd5 Qg5
30.b3 Qc1+ 31.Kh2 Bg5 32.Qg3 Bf4 33.Nxf4 exf4 34.Qf3 Qb2 35.e5 Qxb3 36.Qa8+ Kh7
37.e6 fxe6 38.Qe8 exf5  1/2-1/2

[Event "Jch-EST"]
[Site "Narva Joesuu EST"]
[Date "2006.08.19"]
[Round "8"]
[White "Onischuk,V"]
[Black "Kalinichev,A"]
[Result "1-0"]
[WhiteElo "2411"]
[BlackElo "2372"]

1.e4 c5 2.Nf3 a6 3.Nc3 e6 4.d4 cxd4 5.Nxd4 Qc7 6.g3 Nc6 7.Bg2 Nf6 8.O-O Nxd4
9.Qxd4 Bc5 10.Bf4 d6 11.Qd2 h6 12.Rad1 e5 13.Be3 Be6 14.Rfe1 Rd8 15.Bxc5 dxc5
16.Nd5 Bxd5 17.exd5 O-O 18.d6 Qb6 19.Rxe5 Ne8 20.d7 Nf6 21.Bh3 Qxb2 22.Qe2 b6
23.a4 Qa2 24.Rd6 Qxa4 25.Kg2 Nxd7 26.Re4 c4 27.Red4 Rde8 28.Qxe8 Rxe8 29.Bxd7 Qxc2
30.Bxe8 b5 31.Rd8 Kh7 32.Bxf7 g5 33.Bh5 Kg7 34.R4d7+ Kf6 35.Re8 g4 36.Rf7+  1-0

[Event "Stukkenjagers Weekend"]
[Site "Tilburg NED"]
[Date "2006.08.19"]
[Round "3"]
[White "Burg,T"]
[Black "Korneev,O"]
[Result "0-1"]
[WhiteElo "2268"]
[BlackElo "2638"]

1.e4 c5 2.Nf3 e6 3.d4 cxd4 4.Nxd4 a6 5.Nc3 Qc7 6.Be2 b5 7.O-O Bb7 8.Qd3 d6
9.a4 b4 10.Na2 Nf6 11.f3 d5 12.exd5 Nxd5 13.Bd2 Bd6 14.h3 Nd7 15.c3 Nc5 16.Qc2 bxc3
17.Nxc3 Nf4 18.Bc4 O-O 19.Be3 Rac8 20.Rfd1 Qe7 21.Nce2 Ng6 22.b4 Nd7 23.Qa2 Nde5
24.Bxe6 fxe6 25.Nxe6 Nc4 26.Nxf8 Qxe3+ 27.Kh1 Kxf8 28.Nd4 Qe5 29.Kg1 Qh2+
30.Kf2 Bg3+ 31.Kf1 Qh1+  0-1

[Event "9th Open"]
[Site "Banyoles ESP"]
[Date "2006.08.20"]
[Round "5"]
[White "Kristiansen,J"]
[Black "Pile,R"]
[Result "1-0"]
[WhiteElo "2425"]
[BlackElo "2300"]

1.e4 c5 2.Nf3 e6 3.Nc3 a6 4.d4 cxd4 5.Nxd4 Qc7 6.Bd3 Nc6 7.Nxc6 bxc6 8.O-O Nf6
9.Qe2 d5 10.b3 Be7 11.Bb2 Bb7 12.Rae1 Qf4 13.e5 Nd7 14.Na4 c5 15.c4 dxc4
16.Bxc4 O-O 17.Bc1 Qh4 18.f4 Rfd8 19.Rd1 g6 20.Rd3 Bf8 21.Rfd1 Bc6 22.f5 Nxe5
23.Qxe5 Rxd3 24.Rxd3 Qg4 25.Qg3 Qxf5 26.Bb2 Bxa4 27.bxa4 Bg7 28.Bxg7 Kxg7
29.Qf3 Qe5 30.Rd7 Rf8 31.Qe2 Qa1+ 32.Rd1 Qc3 33.Bxa6 Kg8 34.Qf3 Qc2 35.Qb3 Qe4
36.a5 c4 37.Bxc4 Rc8 38.Bf1 Qf5 39.a6 Qc5+ 40.Kh1 Rc7 41.Qd3 e5 42.Qd8+ Kg7
43.Qd6 Qc3 44.h3  1-0

[Event "6th Open"]
[Site "Velika Gorica CRO"]
[Date "2006.08.20"]
[Round "2"]
[White "Jelecevic,I"]
[Black "Franic,M"]
[Result "0-1"]
[WhiteElo "2183"]
[BlackElo "2392"]

1.e4 c5 2.Nf3 a6 3.Nc3 e6 4.d4 cxd4 5.Nxd4 b5 6.Bd3 Bb7 7.f4 Ne7 8.Nf3 Nbc6
9.O-O Nb4 10.Be2 d5 11.e5 Nf5 12.a3 Bc5+ 13.Kh1 Nc6 14.Qd3 h5 15.Ng5 Ncd4
16.Be3 Nxe3 17.Qxe3 Nb3 18.Qg3 h4 19.Qg4 Nxa1 20.Nxe6 fxe6 21.Qxg7 Qe7 22.Qxh8+ Kd7
23.Qh5 Nxc2 24.f5 Rf8 25.fxe6+ Kc7 26.Rxf8 Qxf8 27.Qh7+ Kb8 28.e7 Bxe7 29.Qxc2 d4
30.Ne4 Qf4 31.Nd2 Qf2 32.Bf1 h3 33.Qg6 hxg2+  0-1

[Event "Acropolis Open"]
[Site "Athens GRE"]
[Date "2006.08.21"]
[Round "9"]
[White "Alexakis,D"]
[Black "Kalesis,N"]
[Result "0-1"]
[WhiteElo "2201"]
[BlackElo "2435"]

1.e4 c5 2.Nf3 e6 3.d4 cxd4 4.Nxd4 a6 5.Nc3 Qc7 6.Be2 Nf6 7.O-O d6 8.f4 Be7
9.Kh1 O-O 10.Be3 Nc6 11.Qe1 Nxd4 12.Bxd4 b5 13.a3 Bb7 14.Bd3 Bc6 15.Qg3 Qb7
16.Rae1 b4 17.axb4 Qxb4 18.Bxf6 Bxf6 19.e5 dxe5 20.Ne4 Be7 21.fxe5 Bxe4 22.Rxe4 Qd2
23.Ref4 Ra7 24.h4 Bc5 25.Rg4 g6 26.h5 Qh6 27.Rh4 Qe3 28.Qxe3 Bxe3 29.hxg6 hxg6
30.Ra1 Rb8 31.b3 a5 32.Re4 Bd2 33.g3 Bc3 34.Raa4 Rc7 35.Rac4 Rbc8 36.Kg2 Rxc4
37.Rxc4 Rxc4 38.Bxc4 Bxe5 39.Bb5 f5 40.g4 Kf7 41.Kf3 Bd4 42.Bd7 Kf6 43.Bc6 e5
44.gxf5 gxf5 45.Bb7 Bb2 46.Ke3 Bc1+ 47.Kd3 Bb2 48.Ke3 Bd4+ 49.Kd3 Bb6 50.c3 Bc7
51.Ke3 Bb8 52.Kd3 Ba7 53.Bc6 Kg5  0-1

[Event "23rd Open"]
[Site "Collado Villalba ESP"]
[Date "2006.08.22"]
[Round "4"]
[White "Vazquez,R"]
[Black "Madina,M"]
[Result "1/2-1/2"]
[WhiteElo "2517"]
[BlackElo "2262"]

1.e4 c5 2.Nf3 e6 3.d4 cxd4 4.Nxd4 a6 5.Nc3 Ne7 6.f4 Nec6 7.Nf3 d6 8.Bd3 Nd7
9.O-O b5 10.Kh1 Be7 11.Qe1 O-O 12.e5 Nc5 13.Be2 b4 14.Nd1 dxe5 15.fxe5 Nd4
16.Nxd4 Qxd4 17.Bf3 Rb8 18.Qg3 Qh4 19.Qxh4 Bxh4 20.b3 Bb7 21.a3 a5 22.axb4 axb4
23.Nb2 Bxf3 24.gxf3 Nd7 25.Nd3 Rfc8 26.Ra7 Nc5 27.Nb2 Ra8 28.Rxa8 Rxa8 29.Be3 Nd7
30.Nc4 f6 31.f4 fxe5 32.fxe5 Ra2 33.Rd1 Nf8 34.Rd2 Be7 35.Kg2 g5 36.Kf3 Kg7
37.c3 Ra1 38.cxb4 Bxb4 39.Rg2 Rb1 40.Rb2 Rf1+ 41.Kg2 Rf5 42.Ra2 Ng6 43.Ra7+ Kg8
44.Ra8+ Kg7 45.Ra7+ Kg8 46.Ra8+  1/2-1/2

[Event "Independence Cup A"]
[Site "Kyiv UKR"]
[Date "2006.08.22"]
[Round "10"]
[White "Kernazhitsky,L"]
[Black "Zhesterev,A"]
[Result "1/2-1/2"]
[WhiteElo "2344"]
[BlackElo "2251"]

1.e4 c5 2.Nf3 e6 3.d4 cxd4 4.Nxd4 a6 5.Nc3 Qc7 6.Bd3 Nf6 7.Qe2 d6 8.f4 Nc6
9.Nxc6 bxc6 10.O-O e5 11.Kh1 Be7 12.Bd2 Rb8 13.b3 a5 14.f5 Bb7 15.Rae1 h6
16.Na4 O-O 17.c4 Rfe8 18.Nc3 Rbd8 19.Rc1 Ra8 20.Rf3 Nh7 21.Rcf1 Bg5 22.Be1 d5
23.h4 dxc4 24.Bxc4 Bf6 25.Rh3 Red8 26.Bf2 Qd6 27.Bxf7+ Kh8 28.Bb6 Rdb8 29.Bf2 Ba6
30.Rd1 Qb4 31.Bc4 Bxc4 32.bxc4 Rd8 33.Rhd3 Rxd3 34.Rxd3 Nf8 35.c5 Be7 36.Qe3 Ra7
37.Rd1 Nd7 38.Rb1 Qc4 39.Qf3 Rc7 40.Rb3 Rc8 41.Rb7 Rd8 42.Rc7 Bxc5 43.Bxc5 Qxc5
44.Rb7 Qd6 45.Qh5 Qd2 46.Ne2 Nc5 47.Re7 Nxe4 48.Re8+ Rxe8 49.Qxe8+ Kh7 50.Qg6+ Kh8  1/2-1/2

[Event "Canadian Closed zt"]
[Site "Toronto CAN"]
[Date "2006.08.22"]
[Round "5"]
[White "Lawson,E"]
[Black "Stevens,C CAN"]
[Result "1-0"]
[WhiteElo "2393"]
[BlackElo "2314"]

1.e4 c5 2.Nf3 e6 3.d4 cxd4 4.Nxd4 a6 5.Nc3 Qc7 6.Be2 Nf6 7.O-O Bc5 8.Be3 d6
9.Bg5 Nc6 10.Nb3 Bb4 11.f3 h6 12.Bh4 Ne5 13.Be1 Ng6 14.a3 Bc5+ 15.Nxc5 dxc5
16.a4 O-O 17.Bf2 Rd8 18.Qc1 Nf4 19.Bc4 e5 20.Rd1 Rd4 21.Bf1 Rxd1 22.Nxd1 b6
23.Ne3 Be6 24.Qe1 a5 25.Nc4 Bd7 26.Qc3 Re8 27.b3 Bc6 28.Rd1 Nd7 29.Qd2 Re6
30.Nd6 Rg6 31.Kh1 Nf6 32.Nf5 Ne8 33.Bh4 Kh7 34.Qd8 Ne6 35.Qxc7 N8xc7 36.Ne7 Nd4
37.Nxg6 fxg6 38.Bd8 Na8 39.Rd2 g5 40.Bc4 g4 41.c3 b5  1-0

[Event "VII Open"]
[Site "Tarragona ESP"]
[Date "2006.08.23"]
[Round "5"]
[White "Spraggett,K"]
[Black "Gutierrez Jimenez,J"]
[Result "1/2-1/2"]
[WhiteElo "2577"]
[BlackElo "2276"]

1.e4 c5 2.Nf3 e6 3.d4 cxd4 4.Nxd4 a6 5.Nc3 Qc7 6.Bd3 Nc6 7.Nxc6 dxc6 8.f4 e5
9.O-O Nf6 10.Kh1 Bc5 11.Qe1 Be6 12.f5 Bd7 13.Qg3 Rg8 14.Rb1 b5 15.Nd1 O-O-O
16.a4 Nh5 17.Qf3 Nf4 18.axb5 cxb5 19.Bxf4 exf4 20.Ra1 Kb7 21.Nc3 Bc6 22.Nd5 Qe5
23.c4 g5 24.fxg6 fxg6 25.Qxf4 Qxf4 26.Rxf4 Rgf8 27.Rf3 Bd4 28.Rb1 Bxd5 29.exd5 Rxf3
30.gxf3 b4 31.b3 Re8 32.Rd1 Bc5 33.Be4 Rd8 34.Kg2 Kb6 35.h4 Bd6 36.h5 gxh5
37.Rh1 h6 38.Rxh5 Rh8 39.Kh3 a5 40.Kg4 Kc5 41.Kf5 a4 42.bxa4 Kxc4 43.Ke6 Kc5
44.Rh1 Re8+ 45.Kd7 Re7+ 46.Kd8 Ra7 47.Rxh6 Rxa4 48.Kd7 Ra7+ 49.Ke6 b3 50.Rh1 Re7+
51.Kf6 b2 52.Rb1 Rb7 53.Rd1 Rb4 54.Ke6 Rb8 55.Kd7 Rb7+ 56.Ke6 Rb8  1/2-1/2

[Event "VII Open"]
[Site "Tarragona ESP"]
[Date "2006.08.23"]
[Round "5"]
[White "Martin Perez,J"]
[Black "Malakhatko,V"]
[Result "0-1"]
[WhiteElo "2280"]
[BlackElo "2594"]

1.e4 c5 2.Nf3 e6 3.d4 cxd4 4.Nxd4 a6 5.Nc3 b5 6.Bd3 Qb6 7.Nb3 Qc7 8.O-O Bb7
9.f4 d6 10.Qe2 Nd7 11.a4 b4 12.Nb1 Ngf6 13.Bd2 d5 14.e5 Ne4 15.Bxe4 dxe4
16.Rc1 g5 17.c3 gxf4 18.cxb4 Qb6+ 19.Kh1 e3 20.Bc3 Rg8 21.Rg1 Bd5 22.Nd4 Nxe5
23.Nf3 Rxg2  0-1

[Event "Lichtenberger Sommer"]
[Site "Berlin GER"]
[Date "2006.08.25"]
[Round "7"]
[White "Offermann,F"]
[Black "Plump,D"]
[Result "0-1"]
[WhiteElo "2082"]
[BlackElo "2253"]

1.e4 c5 2.Nf3 e6 3.d4 cxd4 4.Nxd4 a6 5.Nc3 Qc7 6.Bd3 Nf6 7.O-O Nc6 8.Nb3 Be7
9.a4 b6 10.f4 d6 11.Bd2 Bb7 12.Qe2 O-O 13.Rae1 Nb4 14.Kh1 e5 15.fxe5 dxe5
16.Bg5 Nxd3 17.Qxd3 Rad8 18.Qe2 Ne8 19.Bc1 Nd6 20.Qg4 f6 21.Nd2 Qd7 22.Qg3 Qe6
23.Qe3 Nc8 24.Nf3 Bc5 25.Qe2 Ne7 26.Rd1 Bb4 27.Rxd8 Rxd8 28.Nd1 Ng6 29.c3 Bf8
30.Qc2 Qc4 31.Re1 Bc5 32.Nf2 Bxf2 33.Qxf2 Qxa4 34.Qxb6 Qd7 35.h3 Rc8 36.Kh2 h6
37.Qf2 Qd3 38.Nh4 Bxe4 39.Nxg6 Bxg6 40.Be3 f5 41.Bc1 Re8 42.Qb6 Kh7 43.Qc7 f4
44.Kg1 Qg3 45.Rf1 Be4  0-1

[Event "VIII Open"]
[Site "Sants ESP"]
[Date "2006.08.26"]
[Round "2"]
[White "Ayza Leon,D"]
[Black "Felgaer,R"]
[Result "0-1"]
[WhiteElo "2146"]
[BlackElo "2581"]

1.e4 c5 2.Nf3 e6 3.d4 cxd4 4.Nxd4 a6 5.Nc3 b5 6.Be3 Bb7 7.f3 Nf6 8.Qd2 b4
9.Nce2 d5 10.e5 Nfd7 11.f4 Nc5 12.Ng3 Nbd7 13.Be2 g6 14.O-O a5 15.Rae1 Be7
16.f5 Qb6 17.fxe6 fxe6 18.Bg4 h5 19.Bh3 h4 20.Nxe6 hxg3 21.Ng7+ Kd8 22.Rf7 Rxh3
23.gxh3 Nxe5 24.Rxe7 Nf3+ 25.Kg2 d4 26.Kxg3 Kxe7 27.Bg5+ Kf8 28.Qf4+ Kg8
29.Ne8 Nxe1 30.Nf6+ Qxf6 31.Bxf6 Ne4+ 32.Kg4 Bc8+  0-1

[Event "TCh-Serbia"]
[Site "Zlatibor SCG"]
[Date "2006.08.27"]
[Round "2"]
[White "Tseshkovsky,V"]
[Black "Pikula,D"]
[Result "1/2-1/2"]
[WhiteElo "2576"]
[BlackElo "2545"]

1.e4 c5 2.Nf3 e6 3.d4 cxd4 4.Nxd4 a6 5.Nc3 Qc7 6.Bd3 Nc6 7.Nxc6 dxc6 8.O-O e5
9.f4 Nf6 10.Qe1 Bc5+ 11.Kh1 Ng4 12.Qg3 h5 13.f5 Qe7 14.Be2 Bd7 15.Bxg4 hxg4
16.Qxg4 O-O-O 17.Qg3 Rh5 18.Be3 Rdh8 19.Bxc5 Rxh2+ 20.Qxh2 Rxh2+ 21.Kxh2 Qxc5
22.Rf3 Qe7 23.Rd1 Kc7 24.Rdf1 Qg5 25.a3 Qd2 26.R1f2 Qc1 27.b4 b5 28.Rg3 Qh6+
29.Rh3 Qc1  1/2-1/2